| 000 | 00598nam a22001937a 4500 | ||
|---|---|---|---|
| 999 |
_c170357 _d170357 |
||
| 005 | 20191213132033.0 | ||
| 010 | _aENG-127127 | ||
| 020 |
_c550.00 _a9789388881159 |
||
| 035 | _aEN-110659 | ||
| 037 | _bDBAD/PUB | ||
| 082 | _a305 | ||
| 100 | _aBorah, Rinku | ||
| 245 |
_aGender & Society / _cby Rinku Borah |
||
| 260 |
_aAssam _bEBH Publishers (an imprint of Eastern book House ) _c2019 |
||
| 270 |
_a136, M.L.Nehru Road, Panbazar _bGuwahati _e781001 _k2513876 _measternbookhouse.in |
||
| 300 |
_aviii;84p. _c24cm(Hb) |
||
| 500 | _aIncludes index | ||
| 942 |
_2ddc _cEN _h305 _mBOR |
||